000 01054nam a22003257a 4500
001 BR2013003355
003 BR-BrBNA
005 20230928104206.0
007 ta
008 230509b bl.||||| |||| 00| 0 por d
040 _aBR-BrBNA
_bpor
_cBiblioteca Nacional de Agricultura
041 _a(Por)
072 _aL40
_b8140
090 _ 8140 BR2013003355
100 1 _aPereira, R.T.
110 1 _aUniversidade Federal de Lavras, MG (Brasil)
_0Tese (Mestrado)
245 1 _aCaracterização imunofenotípica de gastrina, colecistoquinina, neuropeptídeo Y e peptídeo relacionado ao gene da calcitonina no sistema digestório do dourado Salmminus brasiliensis
260 3 _aLavras, MG (Brasil):
_c2012.
300 _a96 p.
500 _aSummaries (Eng, Por); Bibliography p. 63-91; 7 illus.
650 _aDOURADO
650 _aPEIXE DE ÁGUA DOCE
650 _aIMUNIDADE
650 _aHISTOQUÍMICA
650 _aCÉLULA
650 _aPEPTÍDIO
650 _aAPARELHO DIGESTIVO
909 _a202309
_bLucia
_c55
_dLucia Elande
942 _cBK
999 _c78610
_d78610